Demokracia - kushtet dhe pasojat / (Record no. 141)
[ view plain ]
| 000 -LEADER | |
|---|---|
| fixed length control field | 00661nam a22002177a 4500 |
| 008 - FIXED-LENGTH DATA ELEMENTS--GENERAL INFORMATION | |
| fixed length control field | 131021b xxu||||| |||| 00| 0 alb d |
| 020 ## - INTERNATIONAL STANDARD BOOK NUMBER | |
| International Standard Book Number | 9789951021447 |
| 041 0# - LANGUAGE CODE | |
| Language code of text/sound track or separate title | alb |
| 080 ## - UNIVERSAL DECIMAL CLASSIFICATION NUMBER | |
| Universal Decimal Classification number | 321.7 |
| 100 1# - Rafti | |
| Rafti | Midgaard, Knut |
| 245 ## - TITLE STATEMENT | |
| Title | Demokracia - kushtet dhe pasojat / |
| Statement of responsibility, etc | Knut Midgaard, Bjorn Erik Rasch : [Përkthyer nga Ermir Pulaha] |
| 260 ## - | |
| -- | Prishtinë : |
| -- | Rozafa ; |
| -- | 2004. |
| 300 ## - | |
| -- | 383 f. : |
| -- | me il. ; |
| -- | 21 cm. |
| 500 ## - | |
| -- | Parathënie : f. 3. |
| 505 ## - | |
| -- | Litertura : f. 364-365. |
| 505 ## - | |
| -- | Treguesi i emrave : f. 369-383 |
| 650 ## - | |
| -- | Demokracia |
| 650 ## - | |
| -- | Politika dhe qeverisja |
| 700 1# - | |
| -- | Rasch, Bjorn Erik |
| 942 ## - ADDED ENTRY ELEMENTS (KOHA) | |
| Source of classification or shelving scheme | |
| Item type | Books |
| Withdrawn status | Lost status | Source of classification or shelving scheme | Damaged status | Not for loan | Collection code | Permanent location | Current location | Shelving location | Date acquired | Total Checkouts | Full call number | Barcode | Date last seen | Price effective from | Koha item type |
|---|---|---|---|---|---|---|---|---|---|---|---|---|---|---|---|
| Koleksioni i përgjithshem | UBT - Prishtine | UBT - Prishtine | Koleksioni i përgjithshem | 10/21/2013 | 321.7 MID | 001-000153 | 10/21/2013 | 10/21/2013 | Books | ||||||
| Koleksioni i përgjithshem | UBT - Prishtine | UBT - Prishtine | Koleksioni i përgjithshem | 10/21/2013 | 321.7 MID | 001-000157 | 10/21/2013 | 10/21/2013 | Books | ||||||
| Koleksioni i përgjithshem | UBT - Prishtine | UBT - Prishtine | Koleksioni i përgjithshem | 10/21/2013 | 321.7 MID | 001-000156 | 10/21/2013 | 10/21/2013 | Books | ||||||
| Koleksioni i përgjithshem | UBT - Prishtine | UBT - Prishtine | Koleksioni i përgjithshem | 10/21/2013 | 321.7 MID | 001-000155 | 10/21/2013 | 10/21/2013 | Books | ||||||
| Koleksioni i përgjithshem | UBT - Prishtine | UBT - Prishtine | Koleksioni i përgjithshem | 10/21/2013 | 321.7 MID | 001-000154 | 10/21/2013 | 10/21/2013 | Books |